[Event "19th Karpov Poikovsky 2018"]
[Site "Poikovsky"]
[Date "2018.05.27"]
[Round "1"]
[White "Jakovenko, Dmitry"]
[Black "Artemiev, Vladislav"]
[Result "1-0"]
[WhiteElo "2735"]
[BlackElo "2704"]
[Annotator "TA"]
[PlyCount "91"]
[EventDate "2018.??.??"]
[EventType "tourn"]
[EventCountry "RUS"]
[SourceTitle "playchess.com"]
[Source "ChessBase"]
[SourceQuality "1"]

{[%evp 16,91,29,16,52,57,40,33,39,58,35,17,56,0,42,35,58,26,27,25,39,33,52,2,6,18,95,92,93,101,97,93,118,112,114,111,108,105,123,118,109,108,113,120,137,133,125,131,125,119,112,119,116,97,97,91,115,83,83,85,132,139,187,175,158,154,248,275,256,211,290,264,608,608,593,579,5114,5093]} 1. e4 c5 2. Nf3 e6 3. d4 cxd4 4. Nxd4 a6 5. Bd3 Bc5 6. Nb3 Ba7 7. O-O Ne7 8. Qe2 Nbc6 9. Be3 O-O {B42: Sicilian: Kan Variation: 5 Bd3} (9... e5 10. c4 d6 11. Nc3 Nd4 12. Bxd4 exd4 13. Nd5 O-O 14. Rad1 Nxd5 15. exd5 Re8 16. Qd2 Qh4 17. Rde1 {1-0 (29) Akopian,V (2691)-Smirin,I (2663) Khanty-Mansiysk 2013}) 10. Bxa7 Rxa7 11. c4 d5 {White is slightly better.} 12. exd5 exd5 13. Nc3 $146 {Black should prevent cxd5.} ({Predecessor:} 13. Rd1 d4 14. Na3 b6 15. Nc2 f5 16. Rd2 Ng6 {0-1 (37) Savic,V-Radic,D Yugoslavia 1971}) 13... d4 14. Ne4 (14. Na4 $1 $14) 14... Ng6 15. f4 $36 {[%mdl 2048] Black is under pressure.} f5 16. Ng3 b6 17. Rad1 Re7 18. Qf2 Be6 $1 19. Be2 {[%cal Rb3d4]} Rd7 20. Rfe1 {aiming for Bf3.} Nge7 (20... Qc7 $11) 21. Rd2 $16 d3 22. Bxd3 $1 Rxd3 23. Rxe6 Rxd2 24. Qxd2 Qxd2 25. Nxd2 Rd8 26. Nf3 {Nxf5! is the strong threat.} g6 27. Ne5 Rc8 28. Ne2 b5 29. Nc3 bxc4 30. Nxc4 Nd4 31. Rxe7 Rxc4 {[%mdl 4096] Endgame KRN-KRN} 32. Rb7 Ne6 33. g3 Rd4 34. Re7 Nc5 35. Kf1 Rd6 36. Ke2 Nd3 37. Rb7 h6 38. a4 {[%cal Ba2a4,Ba4a5][%mdl 32]} g5 39. fxg5 hxg5 40. a5 Nc1+ {[#]} (40... Ne5 $16 41. b4 Rh6) 41. Kf1 $1 $18 Rd2 42. b4 {[%cal Bb2b4,Bb4b5][%mdl 32]} f4 43. Ne4 Rxh2 $2 (43... Ra2 44. gxf4 gxf4) 44. b5 {White is clearly winning.} fxg3 45. Nxg3 ({Not} 45. bxa6 $2 g2+ 46. Kf2 {[#]} Ne2 $1 $19 {[%mdl 512]}) 45... Rh6 46. Rb6 {Precision: White = 88%, Black = 36%.} 1-0

[Event "19th Karpov Poikovsky 2018"]
[Site "Poikovsky"]
[Date "2018.05.27"]
[Round "1"]
[White "Vidit, Santosh Gujrathi"]
[Black "Bologan, Victor"]
[Result "1-0"]
[WhiteElo "2707"]
[BlackElo "2610"]
[Annotator "TA"]
[PlyCount "59"]
[EventDate "2018.??.??"]
[EventType "tourn"]
[EventCountry "RUS"]
[SourceTitle "playchess.com"]
[Source "ChessBase"]
[SourceQuality "1"]

{[%evp 18,59,21,13,14,18,27,13,44,34,37,39,48,48,41,10,35,37,58,57,77,43,58,32,54,48,143,151,172,158,162,166,166,150,256,291,291,285,290,274,276,284,252,235]} 1. d4 Nf6 2. c4 e6 3. Nf3 b6 4. g3 Bb7 5. Bg2 Be7 6. O-O O-O 7. Re1 Na6 8. Nc3 Ne4 {E18: Damenindisch (Hauptfortsetzung)} (8... d5 9. cxd5 exd5 10. Bf4 Re8 11. Rc1 c5 12. dxc5 Nxc5 13. Nd4 a6 14. a3 Bf8 15. b4 Ne6 16. Nxe6 fxe6 17. Na4 Rc8 18. Rxc8 Qxc8 19. Qd4 b5 {0-1 (82) Nakamura,H (2787)-Carlsen,M (2853) chess.com INT 2016}) 9. Bf4 Nxc3 10. bxc3 {LiveBook: 16 Partien} Nb8 {[%cal Ba6b8,Bb8d7,Bd7f6][%mdl 32] Die Stellung ist ausgeglichen.} 11. e4 d6 12. e5 $146 ({Vorgänger:} 12. h4 Nd7 13. h5 h6 14. Qe2 Nf6 15. Nd2 Nh7 16. Be3 {0-1 (43) Loiseau,Q (2437)-Bailet,P (2509) Nancy 2016}) 12... dxe5 13. Nxe5 Bxg2 14. Kxg2 Bd6 15. Qf3 Nd7 16. Rad1 Qe7 17. Nc6 $36 {[%mdl 2048] Schwarz steht unter Druck.} Qf6 18. Re4 Kh8 19. Qe2 {Schwarz muss nun Le5 beachten.} Qg6 20. Bc1 Nf6 21. Rh4 Qf5 (21... Nd7 $14) 22. Rd3 $1 $16 {[%cal Bd1d3,Bd3f3,Bf3f6][%mdl 32]} g5 23. Rf3 Qg6 24. Ne5 $1 {[%cal Re5g6]} Qg7 {[#]} ({Jedoch nicht} 24... Bxe5 $2 25. Qxe5 gxh4 26. Rxf6 $18) 25. Rxf6 $1 ({Nur nicht} 25. Rh3 $2 g4 $19) 25... gxh4 {[#]} (25... Qxf6 $16 26. Rh5 Bxe5 27. dxe5 Qg6) 26. Qf3 $1 $18 {Weiß hat entscheidenden Vorteil.} Bxe5 27. dxe5 hxg3 28. Bh6 Qg8 {Mit der Idee ...gxf2+.} 29. hxg3 Rad8 30. Qf4 {Precision: Weiß = 63%, Schwarz = 49%.} ({Keinesfalls} 30. Bxf8 $6 Rxf8 31. Qb7 c5 $18) 1-0

[Event "19th Karpov Poikovsky 2018"]
[Site "Poikovsky"]
[Date "2018.05.27"]
[Round "1"]
[White "Gelfand, Boris"]
[Black "Nepomniachtchi, Ian"]
[Result "0-1"]
[WhiteElo "2695"]
[BlackElo "2751"]
[Annotator "TA"]
[PlyCount "80"]
[EventDate "2018.??.??"]
[EventType "tourn"]
[EventCountry "RUS"]
[SourceTitle "playchess.com"]
[Source "ChessBase"]
[SourceQuality "1"]

{[%evp 11,80,14,20,0,0,0,0,0,0,0,0,0,0,0,0,0,0,-10,5,-41,-54,-47,-41,-83,-78,-103,-96,-108,-94,-102,-98,-103,-96,-139,-135,-184,-164,-218,-205,-207,-216,-222,-200,-216,-206,-195,-205,-196,-150,-306,-305,-312,-301,-318,-310,-548,-502,-560,-551,-538,-510,-547,-516,-510,-495,-716,-703,-671,-325,-319,-309]} 1. Nf3 c5 2. c4 Nc6 3. d4 cxd4 4. Nxd4 Nf6 5. Nc3 e6 6. g3 Qb6 7. Nf3 {A33: Symmetrical English: 2 Nf3 Nf6 3 d4 cxd4 4 Nxd4 e6 5 Nc3 Nc6} Bb4 8. Bg2 Qc5 $146 ({Predecessor:} 8... O-O 9. O-O Bxc3 10. bxc3 Na5 11. Qa4 d6 12. Be3 Qc7 13. Nd4 a6 14. c5 d5 {0-1 (33) Gelfand,B (2695)-Mamedyarov,S (2809) Moscow 2018}) 9. Qd3 {The position is equal.} Ng4 10. O-O {Hoping for a3.} Nge5 11. Nxe5 Nxe5 12. Qc2 Qxc4 13. Bf4 Ng6 $1 $36 {[%cal Rg6f4][%mdl 2048] Black fights for an advantage.} 14. Bd2 d5 {[%cal Bd7d5,Bd5d4][%mdl 32]} 15. Rac1 {Strongly threatening Nxd5.} Be7 $1 16. Rfd1 O-O 17. Qb1 {[#] And now Nxd5 would win.} Qa6 $1 18. e4 d4 19. Bf1 Qb6 20. Na4 Qd8 21. f4 b6 22. Qd3 Bb7 23. Be1 Rc8 24. h4 (24. b3 $142) 24... Re8 25. h5 Nf8 26. Bf2 {[#]} e5 $1 {[%mdl 512]} 27. fxe5 Rxc1 28. Rxc1 Ne6 29. Bh3 Qa8 30. Re1 $2 (30. Bxe6 $17 {was the only defense.} fxe6 31. Qxd4) 30... Rd8 $19 31. b3 Qb8 32. Bxe6 fxe6 33. Bxd4 $2 {[#]} (33. Nb2) 33... Bc5 $1 {[%mdl 512]} 34. Nxc5 bxc5 35. Qc4 cxd4 36. Qxe6+ Kh8 37. h6 Qc7 38. Rf1 (38. Qf5 $142 Re8 39. Rd1) 38... Bxe4 39. Qg4 Bg6 (39... Qxe5 $142 40. Rf4 Bc6 41. hxg7+ Qxg7 42. Qxg7+ Kxg7) 40. Qxd4 gxh6 {Precision: White = 55%, Black = 91%.} 0-1

[Event "19th Karpov Poikovsky 2018"]
[Site "Poikovsky"]
[Date "2018.05.27"]
[Round "1"]
[White "Korobov, Anton"]
[Black "Fedoseev, Vladimir"]
[Result "1-0"]
[WhiteElo "2678"]
[BlackElo "2706"]
[Annotator "TA"]
[PlyCount "76"]
[EventDate "2018.??.??"]
[EventType "tourn"]
[EventCountry "RUS"]
[SourceTitle "playchess.com"]
[Source "ChessBase"]
[SourceQuality "1"]

{[%evp 9,76,0,15,8,12,0,15,4,11,2,45,33,57,42,47,41,167,153,213,104,142,142,143,144,151,138,216,186,197,167,231,162,191,172,179,160,254,242,225,236,233,215,221,187,252,191,173,197,228,225,213,207,255,260,283,250,345,267,273,266,234,263,230,251,265,250,700,318,277]} 1. d4 Nf6 2. Nf3 e6 3. Bg5 h6 4. Bh4 d6 5. h3 d5 $146 ({Predecessor:} 5... b6 6. Nbd2 Bb7 7. e3 Be7 8. Bd3 c5 9. c3 cxd4 10. cxd4 Nbd7 11. Rc1 O-O 12. O-O a6 {½-½ (48) Levin,E (2532)-Jakovenko,D (2710) Sochi 2017}) 6. Nbd2 {A46: 1 d4 Nf6 2 Nf3 e6: Torre, London and Colle Systems} c5 7. e3 Nc6 8. c3 {The position is equal.} Bd6 9. Bd3 c4 10. Bc2 $1 g5 11. Bg3 Bxg3 12. fxg3 Qd6 ({Better is} 12... Nh5 $14) 13. O-O $1 $18 Ng8 (13... g4 $16) 14. e4 (14. Ne5 $18 {and White stays clearly on top.} Nxe5 15. Qh5) 14... Bd7 15. e5 Qc7 16. b3 cxb3 17. axb3 Nge7 (17... a6 $16 18. Ne1 Na7) 18. Bd3 a5 19. b4 Nd8 (19... Na7 $142) 20. c4 Ndc6 21. bxa5 $1 Rxa5 {[#]} 22. Rc1 $1 Qb6 (22... Ra2 $16 23. cxd5 exd5) 23. cxd5 exd5 ({Don't go for} 23... Nxd4 $2 24. Nc4 $18) 24. Nb3 Ra2 25. Nc5 Bc8 ({Don't blunder} 25... Qb2 $2 26. Rc2 $18) 26. Kh2 Qa5 (26... Qb4 {might work better.} 27. Rb1 Rb2) 27. Bb1 {Black must now prevent e6.} Rb2 28. g4 Qa3 29. Nd3 Rb6 30. Bc2 Qa7 31. Nc5 Rb4 32. Qd2 b6 33. Ra1 Qc7 34. Na6 Bxa6 35. Rxa6 O-O 36. Kh1 Rc4 {Hoping for ...Nb4.} 37. Bd3 Qb7 $2 (37... Nxd4 38. Nxd4 (38. Bxc4 Qxc4 39. Qc1 Qxa6 $11) 38... Rxd4) 38. Ra2 (38. Nxg5 $142 Ng6 {[#]} 39. Nxf7 $1 {[%mdl 512]} Rxf7 40. Rxf7 Qxf7 41. Qxh6) 38... Ng6 {Precision: White = 57%, Black = 45%.} 1-0

[Event "19th Karpov Poikovsky 2018"]
[Site "Poikovsky"]
[Date "2018.05.27"]
[Round "1"]
[White "Sutovsky, Emil"]
[Black "Kovalev, Vladislav"]
[Result "1-0"]
[WhiteElo "2647"]
[BlackElo "2650"]
[Annotator "TA"]
[PlyCount "159"]
[EventDate "2018.??.??"]
[EventType "tourn"]
[EventCountry "RUS"]
[SourceTitle "playchess.com"]
[Source "ChessBase"]
[SourceQuality "1"]

{[%evp 31,159,0,11,0,0,0,0,0,0,0,5,4,73,53,81,69,104,104,104,104,116,104,148,158,150,117,388,348,452,449,452,452,677,452,452,452,452,452,452,452,452,435,452,452,452,452,452,452,452,452,452,0,66,0,449,447,431,385,476,472,468,450,396,295,451,439,468,457,431,345,345,345,345,345,345,345,340,340,339,287,29951,29957,29952,29951,5072,1374,29969,408,29970,29971,29977,29978,29979,29980,29979,29979,29982,29983,29983,29963,29964,0,29983,29984,29984,29985,29985,29986,29986,29987,29987,29987,29987,29986,29987,29987,29987,29988,29989,29990,29991,29992,29992,29993,29997,29996,29996,29997,29997,29998]} 1. e4 e5 2. Nf3 Nc6 3. Bb5 a6 4. Ba4 Nf6 5. O-O Be7 6. Re1 b5 7. Bb3 d6 8. c3 O-O 9. h3 Bb7 10. d4 Re8 11. Ng5 Rf8 12. Nf3 Re8 13. a4 Bf8 14. Bg5 {C92: Closed Ruy Lopez: 9...Be6, Karpov and Flohr-Zaitsev Variations} h6 15. Bxf6 Qxf6 16. Bd5 Rab8 {LiveBook: 6 Games} 17. Na3 {[%cal Bb1a3,Ba3c2,Bc2d4,Bd4c6][%mdl 32]} (17. Re3 {seems wilder.} exd4 18. cxd4 Nb4 19. Bxb7 Rxb7 20. Nc3) (17. axb5 axb5 18. Na3 Ne7 19. Bxb7 Rxb7 20. Nc2 c6 21. Ne3 h5 {1-0 (62) Shirov,A (2739)-Karpov,A (2670) Moscow 2007}) 17... exd4 $146 ({Predecessor:} 17... Ne7 18. Bxb7 Rxb7 19. axb5 axb5 20. Nc2 exd4 21. cxd4 Ng6 {½-½ (40) Rowson,J (2400)-Allahverdiyev,A (2290) Holon 1995}) 18. axb5 axb5 19. cxd4 Nb4 20. Bxb7 Rxb7 21. d5 Na6 (21... c6 $11 {keeps the balance.}) 22. Nc2 $36 {[%mdl 2048] White has the initiative.} Nc5 23. b4 Nd7 24. Ncd4 g6 25. Qc1 Ne5 26. Nxe5 $1 Qxe5 27. Nc6 Qf6 28. Ra5 Qh4 $2 {[%mdl 8192]} (28... Bg7 $16 {is a better defense.} 29. Re2 Qc3 30. Qxc3 Bxc3) 29. Qa3 $18 Rxe4 30. Rxe4 Qxe4 31. Ra8 $1 Qe1+ 32. Kh2 {White threatens Qb2 and mate.} Rb6 33. Qb2 {Rxf8+! would kill now.} Rxc6 34. dxc6 {[%mdl 4096] Endgame KQR-KQB} Qe7 35. Qd4 d5 36. Qc5 {Intending Qxe7 and mate.} Qxc5 37. bxc5 {KR-KB} Kg7 38. Rc8 Bxc5 39. g3 Bd6 40. Rd8 $1 {[%cal Rd8d6] aiming for Rxd6!} Bc5 41. Rc8 $2 (41. Rxd5 Bxf2 42. Kg2 (42. Rxb5 Bd4 $16) 42... Be1 $16) ({Better is} 41. f4 $18) 41... Bd6 $14 42. Rd8 $2 {[%mdl 8192]} (42. Rb8 $14) 42... Bc5 $1 $18 43. f4 ({Not} 43. Rxd5 Bxf2 44. Kg2 (44. Rxb5 Be1 $16) 44... Be1 $16) 43... Kf6 {Strongly threatening ...Ke6.} 44. Rxd5 Bb6 45. Rxb5 Ke6 46. Re5+ Kd6 47. Kg2 Bc5 (47... Bd4 {was called for.} 48. Re8 Bg7 49. Rd8+ Kxc6) 48. Re8 Kxc6 49. Rh8 Kd5 50. Rh7 Ke6 51. Rxh6 Bd4 52. h4 Bg7 53. Rh7 Bc3 54. g4 c5 55. h5 c4 $2 (55... gxh5 $18 56. Rxh5 Bd2) 56. hxg6 fxg6 57. Rc7 Kd5 58. Kf3 (58. g5 $142 Kd4 59. f5 $1 {[%mdl 512]} gxf5 60. Kf2) 58... Bb2 59. f5 (59. g5 $142 Ba1 60. Rd7+ Ke6 61. Ra7 Bb2 62. Ke4 c3 63. Ra6+ Ke7 64. Kd3) 59... gxf5 {[#]} (59... g5 $18 60. Rd7+ Ke5) 60. g5 $1 {[%cal Rg5g6]} Kd4 61. g6 Kd3 62. Rd7+ ({Inferior is} 62. Kf4 Bd4 $11) 62... Kc2 63. Ke2 f4 64. Rd2+ Kc1 65. Rd1+ Kc2 66. Rd2+ Kc1 {[#]} 67. Rxb2 $1 {[%mdl 512] KR-KPP. White mates.} f3+ {[#]} (67... Kxb2 68. g7) 68. Kf1 $1 Kxb2 {KPP-KP} 69. g7 c3 70. g8=Q c2 71. Qb8+ Ka1 72. Qa7+ Kb2 73. Qb6+ Kc3 74. Qa5+ Kb2 75. Qb4+ Ka1 76. Qa3+ Kb1 77. Qb3+ Kc1 78. Ke1 f2+ 79. Kxf2 Kd1 80. Ke3 {Precision: White = 80%, Black = 51%.} 1-0

[Event "19th Karpov Poikovsky 2018"]
[Site "Poikovsky"]
[Date "2018.05.28"]
[Round "2"]
[White "Nepomniachtchi, Ian"]
[Black "Sutovsky, Emil"]
[Result "1-0"]
[WhiteElo "2751"]
[BlackElo "2647"]
[Annotator "TA"]
[PlyCount "81"]
[EventDate "2018.??.??"]
[EventType "tourn"]
[EventCountry "RUS"]
[SourceTitle "playchess.com"]
[Source "ChessBase"]
[SourceQuality "1"]

{[%evp 30,81,4,0,8,4,20,-5,0,0,0,0,215,215,215,215,215,215,215,215,208,144,217,208,238,235,240,243,302,287,275,269,522,520,520,511,510,501,452,446,477,450,651,634,615,612,648,610,633,633,583,555,706,708]} 1. e4 e6 2. d4 d5 3. Nc3 Nf6 4. e5 Nfd7 5. f4 c5 6. Nf3 Nc6 7. Be3 cxd4 8. Nxd4 Qb6 9. Qd2 Qxb2 10. Rb1 Qa3 11. Bb5 Nxd4 {C11: French: Classical System: 4 e5 and 4 Bg5 dxe4} 12. Bxd4 a6 13. Bxd7+ (13. Rb3 Qe7 14. Ba4 Qd8 15. Bb6 Qh4+ 16. g3 Qg4 17. O-O Be7 18. f5 O-O 19. Rf4 {0-1 (68) Topalov,V (2749)-Grischuk,A (2761) Paris 2017}) 13... Bxd7 14. Rb3 Qe7 15. Rxb7 Rc8 16. f5 {LiveBook: 3 Games} exf5 17. O-O Qd8 18. Qf2 $146 ({Predecessor:} 18. Qd3 Bc5 19. Bxc5 Rxc5 20. Nxd5 {½-½ (40) Conde Poderoso,A (2333)-Shuler,J (2149) ICCF email 2016}) 18... Rc4 19. Rfb1 Bc8 20. Ra7 Be7 $2 (20... Ba3 $11 {and Black is okay.}) 21. Bb6 $1 $18 Rxc3 22. Kh1 $1 ({Less strong is} 22. Bxd8 Bc5 $14) 22... Qd7 ({Reject} 22... Bh4 23. Qd2 $18) 23. Rxd7 Bxd7 {[#]} 24. Bd4 $1 {[%cal Rd4c3]} Rc4 25. Rb7 {[%mdl 1024] White has strong compensation.} Bc8 (25... h5 $16 {might work better.} 26. c3 Be6 27. Rb8+ Rc8 28. Rxc8+ Bxc8) 26. Ra7 h5 27. c3 Rh6 28. Ra8 Rhc6 29. h3 Bd8 {[#]} 30. Qf3 $1 Be6 $2 (30... Rh6 31. Qxd5 Rhc6) 31. Qxh5 {White threatens Qh8+ and mate.White is clearly winning.} Kd7 32. Qh8 {[%csl Ga8][%cal Rh8d8]} Rc8 33. Ra7+ R4c7 34. Rxa6 {aiming for Rd6+.} Be7 35. Qxg7 f4 (35... Rc6 $142) 36. Qh7 Rb7 37. Qc2 Ke8 38. Qf2 Bg5 39. Qf3 Kd7 40. Kh2 Rc4 41. Rd6+ {Precision: White = 88%, Black = 36%.} 1-0

[Event "19th Karpov Poikovsky 2018"]
[Site "Poikovsky"]
[Date "2018.05.28"]
[Round "2"]
[White "Jakovenko, Dmitry"]
[Black "Gelfand, Boris"]
[Result "1/2-1/2"]
[WhiteElo "2735"]
[BlackElo "2695"]
[Annotator "TA"]
[PlyCount "31"]
[EventDate "2018.??.??"]
[EventType "tourn"]
[EventCountry "RUS"]
[SourceTitle "playchess.com"]
[Source "ChessBase"]
[SourceQuality "1"]

{[%evp 14,31,28,17,32,4,27,18,27,25,25,20,56,25,23,4,14,12,16,12]} 1. e4 c5 2. Nf3 Nc6 3. Nc3 g6 4. d4 cxd4 5. Nxd4 Bg7 6. Be3 Nf6 7. Bc4 O-O 8. Bb3 Re8 {B35: Sicilian: Accelerated Dragon with 5 Nc3: main line} 9. f3 d5 (9... e6 10. f4 d6 11. Ndb5 Bf8 12. Qf3 a6 13. Nd4 Na5 14. O-O b5 15. f5 exf5 16. exf5 {½-½ (39) Navara,D (2745)-Mamedov,R (2704) Shamkir 2018}) 10. exd5 Nb4 $146 {[%cal Rf6d5]} ({Predecessor:} 10... Na5 11. Qd2 Nxb3 12. Nxb3 b5 13. O-O-O Bb7 14. Nc5 b4 15. Nxb7 bxc3 16. Qxc3 {1-0 (26) Popovic,M (1871)-Vadila,O (1771) Liptovsky Mikulas 2017}) 11. Nde2 e6 {[%cal Rb4d5]} 12. Bd4 exd5 13. O-O Be6 14. Bf2 d4 15. Nxd4 Bxb3 16. Nxb3 1/2-1/2

[Event "19th Karpov Poikovsky 2018"]
[Site "Poikovsky"]
[Date "2018.05.28"]
[Round "2"]
[White "Artemiev, Vladislav"]
[Black "Fedoseev, Vladimir"]
[Result "1/2-1/2"]
[WhiteElo "2704"]
[BlackElo "2706"]
[Annotator "TA"]
[PlyCount "119"]
[EventDate "2018.??.??"]
[EventType "tourn"]
[EventCountry "RUS"]
[SourceTitle "playchess.com"]
[Source "ChessBase"]
[SourceQuality "1"]

{[%evp 16,119,-10,-16,-10,-4,6,6,13,12,11,10,8,8,11,6,13,13,19,13,15,11,18,17,24,24,24,15,29,18,25,23,16,12,20,26,15,18,27,28,25,8,25,25,33,18,41,0,32,0,16,0,0,0,0,0,6,0,0,0,0,0,20,22,28,28,31,28,33,14,16,16,19,0,18,16,27,25,19,8,8,0,0,0,15,20,23,0,0,0,0,0,0,0,0,0,0,0,0,0,0,0,0,0,0,0]} 1. e4 e5 2. d4 exd4 3. Qxd4 Nc6 4. Qe3 Nf6 5. Bd2 Be7 6. Nc3 d5 7. Nxd5 Nxd5 8. exd5 Qxd5 9. Ne2 {LiveBook: 6 Partien. C22: Mittelgambit} O-O (9... Bf5 10. Nc3 Qd7 11. O-O-O O-O-O 12. Bb5 Kb8 13. Bxc6 bxc6 14. Na4 Qe6 15. Qb3+ Qxb3 16. axb3 h5 {½-½ (36) Yuksel,A (2237)-Pechac,J (2440) Batumi 2018}) 10. Nf4 Qc5 11. O-O-O Bf5 {[%csl Gf5][%cal Rc5c2] [#]} 12. Qxc5 $146 ({Vorgänger:} 12. Bd3 Bxd3 13. Nxd3 Qb6 14. Qxb6 axb6 15. Bf4 Rxa2 16. Bxc7 b5 {½-½ (31) Tokhirjonova,G (2299)-Abdusattorova,B (2175) Tashkent 2017}) 12... Bxc5 13. Bd3 Bxd3 14. Nxd3 Bb6 15. Rhe1 Rfe8 16. c3 Kf8 17. Bf4 (17. Kc2 {feels hotter.} a5 18. a4 f6 19. g4 Ne7 20. Bf4) 17... Rad8 18. Rxe8+ Kxe8 19. g4 Ne7 20. Kc2 c6 21. a4 f6 22. Re1 Kf7 23. a5 Bxa5 24. Nc5 Bb6 25. Nxb7 Rd7 26. Nd6+ Kg6 27. Bg3 h5 28. h3 Nd5 29. Nf5 Bc7 30. Nh4+ Kh6 31. Re4 g5 32. Nf3 c5 33. Ne1 Kg6 34. gxh5+ Kxh5 35. Bxc7 Rxc7 $11 {[%mdl 4096] Endspiel KTS-KTS} 36. Ng2 c4 37. Rd4 Rc5 38. h4 Nb6 39. hxg5 fxg5 40. Ne3 Rc8 41. Kd2 Rb8 42. Ke2 Na4 43. Rxc4 Nxb2 44. Rc6 Rb6 45. Rc8 a5 46. c4 {[#] c5 ist eine echte Drohung.} Re6 47. c5 {zielt auf c6 ab.} Nc4 $1 48. Rh8+ Kg6 49. Kd3 Ne5+ 50. Kd4 {Droht Kd5 und aus.} Nc6+ 51. Kc3 Rf6 {Die Stellung ist ausgeglichen.} 52. Ra8 Kf7 53. Ra6 Ke8 54. Nc4 {Schwarz muss nun Se5! beachten.} Rf3+ 55. Kd2 Rxf2+ 56. Ke3 Rf4 57. Nxa5 Nxa5 58. Rxa5 Kd7 59. c6+ Kxc6 60. Rxg5 {Precision: Weiß = 62%, Schwarz = 54%.} 1/2-1/2

[Event "19th Karpov Poikovsky 2018"]
[Site "Poikovsky"]
[Date "2018.05.28"]
[Round "2"]
[White "Kovalev, Vladislav"]
[Black "Vidit, Santosh Gujrathi"]
[Result "1/2-1/2"]
[WhiteElo "2650"]
[BlackElo "2707"]
[Annotator "TA"]
[PlyCount "81"]
[EventDate "2018.??.??"]
[EventType "tourn"]
[EventCountry "RUS"]
[SourceTitle "playchess.com"]
[Source "ChessBase"]
[SourceQuality "1"]

{[%evp 14,81,11,0,20,4,9,10,2,0,10,24,35,41,54,43,45,39,42,58,61,66,48,68,51,8,66,7,47,11,103,95,95,89,85,98,102,68,75,58,75,62,66,40,29,22,27,11,17,0,0,0,0,0,0,0,0,0,0,0,0,0,0,0,0,0,0,0,0,0]} 1. e4 c5 2. Nf3 d6 3. d4 cxd4 4. Nxd4 Nf6 5. Nc3 a6 6. g3 e5 7. Nf3 {B91: Sicilian Najdorf: 6 g3} Be7 8. Nh4 {LiveBook: 5 Games} g6 9. Bg2 $146 ({Predecessor:} 9. Ng2 Bg4 10. f3 Be6 11. Ne3 Nbd7 12. Bg2 Rc8 {0-1 (12) Wang,Y (2699)-Wei,Y (2753) Huocheng County 2017}) 9... Be6 10. h3 Nbd7 11. Bh6 Qb6 12. Rb1 Bc4 13. Nf3 Rc8 14. Nd2 Be6 15. O-O Qc6 16. f4 {[%cal Bf2f4,Bf4f5][%mdl 32]} b5 17. f5 Bc4 18. Nxc4 Qxc4 19. Qf3 b4 20. Nd1 (20. Nd5 $14) 20... Rg8 21. b3 Qb5 {[#]} (21... Qc6 $11 {keeps the balance.}) 22. c4 $1 $16 {[%cal Rc4b5]} bxc3 23. Nxc3 Qb6+ {[#]} 24. Kh2 $1 g5 {Black wants to play ...g4.} 25. Rfc1 Bf8 $1 {[%cal Rf8h6]} 26. Bxf8 Kxf8 27. Nd5 Qb7 28. Qe3 Nxd5 29. exd5 Nf6 30. Rc6 Nxd5 $1 {The position is equal.} 31. Bxd5 Rxc6 32. Rc1 Qb6 33. Qxb6 Rxb6 $11 {[%mdl 4096] Endgame KRR-KRB} 34. f6 {[%cal Rc1c8]} Rb8 35. Rc7 Rg6 36. Rxf7+ Ke8 37. Re7+ Kd8 38. Re6 {Strongly threatening f7.} Kd7 {White must now prevent ...Rf8.} 39. Re7+ Kd8 40. Rf7 Ke8 41. Re7+ {Precision: White = 58%, Black = 66%.} 1/2-1/2

[Event "19th Karpov Poikovsky 2018"]
[Site "Poikovsky"]
[Date "2018.05.28"]
[Round "2"]
[White "Bologan, Victor"]
[Black "Korobov, Anton"]
[Result "1/2-1/2"]
[WhiteElo "2610"]
[BlackElo "2678"]
[Annotator "TA"]
[PlyCount "41"]
[EventDate "2018.??.??"]
[EventType "tourn"]
[EventCountry "RUS"]
[SourceTitle "playchess.com"]
[Source "ChessBase"]
[SourceQuality "1"]

{[%evp 19,41,11,12,12,12,12,11,12,14,0,11,8,10,13,17,17,14,12,19,8,9,7,7,13]} 1. d4 Nf6 2. c4 e6 3. Nc3 Bb4 4. f3 d5 5. a3 Bxc3+ 6. bxc3 c5 7. cxd5 Nxd5 8. dxc5 Qa5 9. e4 Nf6 {[%cal Bd5f6,Bf6d7,Bd7c5][%mdl 32]} 10. Be3 O-O {LiveBook: 198 Games. The position is equal. E25: Nimzo-Indian: Sämisch: 5...c5 6 f3 d5 7 cxd5} 11. Qd2 (11. Kf2 Nfd7 12. Rb1 Rd8 13. Rb5 Qxa3 14. Ne2 a6 15. Rb4 Qa5 16. Rd4 Nc6 17. Rd6 Nxc5 18. Rxd8+ Nxd8 {½-½ (26) Yu,Y (2753)-Ponomariov,R (2699) Danzhou 2017}) 11... Nfd7 12. c4 Nc6 13. Qxa5 Nxa5 14. Rd1 b6 15. cxb6 axb6 16. Kf2 Nc5 17. Rb1 Ba6 18. Rxb6 Rfc8 {[#]} 19. Rb4 $146 ({Predecessor:} 19. Nh3 Bxc4 20. Nf4 h6 21. h4 Bxf1 22. Rxf1 Nc4 23. Bxc5 {½-½ (23) Scherer,R (2589)-Pasko,P (2507) ICCF email 2013}) 19... Bxc4 20. Bxc4 Nxc4 21. Bxc5 $1 1/2-1/2